Adapting to climate change : (Record no. 56712)
[ view plain ]
| 000 -LEADER | |
|---|---|
| fixed length control field | 01034nab a22002657a 4500 |
| 003 - CONTROL NUMBER IDENTIFIER | |
| control field | BD-DhIDS |
| 005 - DATE AND TIME OF LATEST TRANSACTION | |
| control field | 20260415110525.0 |
| 008 - FIXED-LENGTH DATA ELEMENTS--GENERAL INFORMATION | |
| fixed length control field | 260415b2026 bg||||| |||| 00| 0 eng d |
| 040 ## - CATALOGING SOURCE | |
| Original cataloging agency | BD-DhIDS |
| Transcribing agency | BD-DhIDS |
| Modifying agency | BD-DhIDS |
| 041 ## - LANGUAGE CODE | |
| Language code of text/sound track or separate title | Eng |
| 086 ## - BIDS CLASSIFICATION NUMBER | |
| Classification number | BAN BIDS RR 210 |
| 100 1# - MAIN ENTRY--PERSONAL NAME | |
| Personal name | Begum, Anwara |
| 245 00 - TITLE STATEMENT | |
| Title | Adapting to climate change : |
| Remainder of title | migration, vulnerability, and livelihoods in the Bengal Delta - the search for effective policy options / |
| Statement of responsibility, etc. | Anwara Begum; Mohammad Harunur Rashid Bhuyan; Azreen Karim; Maruf Ahmed |
| 260 ## - PUBLICATION, DISTRIBUTION, ETC. | |
| Place of publication, distribution, etc. | Dhaka : |
| Name of publisher, distributor, etc. | BIDS, |
| Date of publication, distribution, etc. | 2026 |
| 300 ## - PHYSICAL DESCRIPTION | |
| Extent | vi, 45 p. : |
| Other physical details | ill.figs,tables,charts ; |
| Dimensions | 26 cm. |
| 490 10 - SERIES STATEMENT | |
| Series statement | Research Report No.210 |
| 504 ## - BIBLIOGRAPHY, ETC. NOTE | |
| Bibliography, etc. note | Includes bibliographical references and index. |
| 650 04 - SUBJECT ADDED ENTRY--TOPICAL TERM | |
| Topical term or geographic name entry element | Climate change |
| General subdivision | Economic aspects |
| Geographic subdivision | Bangladesh |
| 650 04 - SUBJECT ADDED ENTRY--TOPICAL TERM | |
| Topical term or geographic name entry element | Migrations |
| General subdivision | Livelihoods |
| Geographic subdivision | Bengal Delta |
| 650 04 - SUBJECT ADDED ENTRY--TOPICAL TERM | |
| Topical term or geographic name entry element | Vulnerabilities of women |
| General subdivision | Social security |
| Geographic subdivision | Costal areas |
| 700 ## - ADDED ENTRY--PERSONAL NAME | |
| Personal name | Bhuyan, Mohammad Harunur Rashid |
| 700 ## - ADDED ENTRY--PERSONAL NAME | |
| Personal name | Karim, Azreen |
| 700 ## - ADDED ENTRY--PERSONAL NAME | |
| Personal name | Ahmed, Maruf |
| 942 ## - ADDED ENTRY ELEMENTS (KOHA) | |
| Source of classification or shelving scheme | |
| Koha item type | Project Report |
| Withdrawn status | Lost status | Source of classification or shelving scheme | Damaged status | Not for loan | Collection code | Permanent Location | Current Location | Shelving location | Date acquired | Full call number | Barcode | Date last seen | Copy number | Price effective from | Koha item type |
|---|---|---|---|---|---|---|---|---|---|---|---|---|---|---|---|
| Non-fiction | BIDS Library and Documentation Center | BIDS Library and Documentation Center | BIDS Publications | 2026-04-15 | BAN BIDS RR 210 | 122063 | 2026-04-15 | C-01 | 2026-04-15 | Project Report | |||||
| Non-fiction | BIDS Library and Documentation Center | BIDS Library and Documentation Center | BIDS Publications | 2026-04-15 | BAN BIDS RR 210 | 122064 | 2026-04-15 | C-02 | 2026-04-15 | Project Report | |||||
| Non-fiction | BIDS Library and Documentation Center | BIDS Library and Documentation Center | BIDS Publications | 2026-04-15 | BAN BIDS RR 210 | 122065 | 2026-04-15 | C-03 | 2026-04-15 | Project Report | |||||
| Non-fiction | BIDS Library and Documentation Center | BIDS Library and Documentation Center | BIDS Publications | 2026-04-15 | BAN BIDS RR 210 | 122066 | 2026-04-15 | C-04 | 2026-04-15 | Project Report | |||||
| Non-fiction | BIDS Library and Documentation Center | BIDS Library and Documentation Center | BIDS Publications | 2026-04-15 | BAN BIDS RR 210 | 122067 | 2026-04-15 | C-05 | 2026-04-15 | Project Report |